[Event "Lichtenberger Sommer 2018"]
[Site "?"]
[Date "2018.08.26"]
[Round "9.80"]
[White "Engelhardt, Erhard"]
[Black "Wilke, Hans-Peter"]
[Result "1-0"]
[WhiteElo "1769"]
[BlackElo "1515"]
[PlyCount "179"]
[EventDate "2018.??.??"]
[WhiteTeam "SSV Rotation Berlin"]
[BlackTeam "Läufer Reinickendorf"]

1. b4 Nf6 2. Bb2 e6 3. b5 a6 4. a4 axb5 5. axb5 Rxa1 6. Bxa1 d5 7. e3 Nbd7 8.
Nf3 c6 9. c4 Be7 10. Be2 O-O 11. O-O Qc7 12. Qc1 cxb5 13. cxb5 Qxc1 14. Rxc1
Bc5 15. d4 Bb6 16. Bc3 g6 17. Bb4 Re8 18. Nbd2 Kg7 19. Nb3 Ba7 20. Bd3 Bb8 21.
Nfd2 b6 22. f3 Bb7 23. g3 Rc8 24. Rxc8 Bxc8 25. Kf2 Bb7 26. e4 dxe4 27. fxe4
Ng4+ 28. Kg2 h5 29. h3 Nh6 30. Bc3 f5 31. Kf2 Kf6 32. e5+ Kg7 33. Bc4 Nf8 34.
Bb4 Bd5 35. Bxf8+ Kxf8 36. Bxd5 exd5 37. Nb1 Ke7 38. Nc3 Ke6 39. Nc1 g5 40. Nd3
Ng8 41. Nb4 Ne7 42. Na6 Bxe5 43. dxe5 Kxe5 44. Na4 Nc8 45. Nb4 d4 46. Ke2 Ke4
47. Nd3 Kd5 48. Ndb2 h4 49. gxh4 gxh4 50. Kf3 d3 51. Ke3 d2 52. Kxd2 Kd4 53.
Ke2 Nd6 54. Nxb6 Nxb5 55. Kf3 Ke5 56. Nd3+ Kf6 57. Kf4 Nd4 58. Nd5+ Ke6 59. Nc3
Kf6 60. Nc5 Kg6 61. Ke3 Nc2+ 62. Kf2 Nd4 63. Ne2 Nc6 64. Nf4+ Kf6 65. Ng2 Kg5
66. Nd3 Ne7 67. Ne5 f4 68. Nf3+ Kf5 69. Ngxh4+ Ke4 70. Ng5+ Ke5 71. Kf3 Nd5 72.
Ng2 Kf5 73. Ne4 Ke5 74. Nf2 Kf5 75. Nd3 Kg5 76. Ndxf4 Nxf4 77. Nxf4 Kh4 78. Kg2
Kg5 79. Kg3 Kf5 80. h4 Kf6 81. Kg4 Kg7 82. Kg5 Kh7 83. h5 Kg7 84. Ng6 Kh7 85.
Nf8+ Kg7 86. Ne6+ Kh7 87. h6 Kh8 88. Kg6 Kg8 89. Ng5 Kh8 90. Nf7+ 1-0

[Event "Lichtenberger Sommer 2018"]
[Site "?"]
[Date "2018.08.26"]
[Round "9.81"]
[White "Kirves, Martin"]
[Black "Wadepfuhl, Jeremy"]
[Result "1/2-1/2"]
[WhiteElo "1332"]
[BlackElo "1526"]
[PlyCount "111"]
[EventDate "2018.??.??"]
[WhiteTeam "BSC Rehberge"]
[BlackTeam "Borussia Lichtenberg"]

1. d4 c5 2. d5 Nf6 3. c4 b5 4. cxb5 a6 5. bxa6 g6 6. Nc3 Bxa6 7. e4 Bxf1 8.
Kxf1 d6 9. h3 Bg7 10. Nge2 Nbd7 11. Kg1 O-O 12. Kh2 Ra6 13. Bg5 Qa8 14. Qc2 Rb8
15. Rhd1 Rab6 16. Bc1 Ne8 17. Rb1 Nc7 18. Bg5 Kf8 19. f4 Qb7 20. Rd2 Nb5 21.
Nxb5 Rxb5 22. Nc3 Rb4 23. Rf2 h6 24. Bh4 Rc4 25. Rf3 Qb4 26. Be1 Qa5 27. b3
Rcb4 28. Ne2 Nf6 29. Bxb4 Rxb4 30. Nc3 Qa6 31. e5 Nh5 32. g3 Nxf4 33. gxf4 Rxf4
34. Qf2 Bxe5 35. Kg2 g5 36. Rxf4 Bxf4 37. Qe2 Qc8 38. Qd3 Kg7 39. Re1 Be5 40.
Qf3 Qd8 41. Rf1 f5 42. Nb5 Qa5 43. a4 f4 44. h4 c4 45. bxc4 Qxa4 46. hxg5 hxg5
47. Qe4 Qa5 48. Kf3 Qb4 49. Kg4 Qb3 50. Rf3 Qd1 51. Kf5 Qh1 52. Ke6 g4 53. Rxf4
Qh6+ 54. Kxe7 Bxf4 55. Kd7 Qf6 56. Nd4 1/2-1/2

[Event "Lichtenberger Sommer 2018"]
[Site "?"]
[Date "2018.08.26"]
[Round "9.82"]
[White "Lee, Kwan Ho"]
[Black "Ettel, Ralf"]
[Result "1/2-1/2"]
[WhiteElo "1650"]
[BlackElo "1549"]
[PlyCount "59"]
[EventDate "2018.??.??"]
[WhiteTeam "Hong Kong Chess Federation"]
[BlackTeam "SK König Tegel"]

1. d4 Nf6 2. c4 e6 3. Nc3 d5 4. cxd5 exd5 5. Bg5 Be7 6. Qc2 O-O 7. e3 c6 8. Bd3
h6 9. Bxf6 Bxf6 10. Nf3 Bg4 11. Ne5 Bxe5 12. dxe5 Nd7 13. h3 Be6 14. f4 Qh4+
15. Qf2 Qxf2+ 16. Kxf2 f6 17. exf6 Nxf6 18. Ne2 Rae8 19. Nd4 Bd7 20. Rhe1 Ne4+
21. Bxe4 Rxe4 22. Nb3 b6 23. Rad1 Rc4 24. Rc1 g5 25. g3 c5 26. Kg2 Rxc1 27.
Nxc1 Re8 28. fxg5 hxg5 29. g4 Bc6 30. Kf2 1/2-1/2

[Event "Lichtenberger Sommer 2018"]
[Site "?"]
[Date "2018.08.26"]
[Round "9.83"]
[White "Mueller, Jörg René"]
[Black "Prix, Siegfried"]
[Result "0-1"]
[WhiteElo "1547"]
[BlackElo "1739"]
[PlyCount "108"]
[EventDate "2018.??.??"]
[WhiteTeam "SC Zugzwang 95 (Berlin)"]
[BlackTeam "SF 1903 Berlin"]

1. e4 e5 2. Nf3 Nc6 3. Bc4 Bc5 4. c3 Nf6 5. Qc2 d6 6. d4 exd4 7. cxd4 Bb4+ 8.
Bd2 Bxd2+ 9. Nbxd2 O-O 10. a3 d5 11. Bd3 dxe4 12. Nxe4 h6 13. O-O Nxe4 14. Bxe4
Nxd4 15. Nxd4 Qxd4 16. Rad1 Qb6 17. Rd2 Be6 18. Re1 Rad8 19. Red1 Rxd2 20. Rxd2
Re8 21. b4 Bf5 22. Re2 Qd4 23. h3 Rxe4 24. Rxe4 Bxe4 25. Qxc7 Qa1+ 26. Kh2 Qxa3
27. Qc4 Qd3 28. Qc8+ Kh7 29. Qc7 Qd5 30. f3 Bg6 31. Qb8 a6 32. Qc7 f6 33. Qb6
Qb5 34. Qf2 Qxb4 35. g3 b5 36. g4 Qf4+ 37. Kg2 Qc4 38. h4 Qc2 39. Qxc2 Bxc2 40.
Kf2 b4 41. Ke2 b3 42. Kd2 a5 43. Kc1 a4 44. Kb2 Bd1 45. g5 fxg5 46. hxg5 Bxf3
47. gxh6 Kxh6 48. Ka3 g5 49. Kb2 g4 50. Ka3 g3 51. Kb2 g2 52. Ka3 g1=Q 53. Kb2
Qc5 54. Ka1 Qc1# 0-1

[Event "Lichtenberger Sommer 2018"]
[Site "?"]
[Date "2018.08.26"]
[Round "9.84"]
[White "Völler, Lothar"]
[Black "Abraham, Helmut"]
[Result "1/2-1/2"]
[WhiteElo "1689"]
[BlackElo "1461"]
[PlyCount "53"]
[EventDate "2018.??.??"]
[WhiteTeam "FS Dortmund"]
[BlackTeam "SC Kreuzberg"]

1. e4 c5 2. Nc3 e6 3. f4 Nf6 4. Nf3 d5 5. e5 Nfd7 6. Bb5 Nc6 7. O-O a6 8. Bxc6
bxc6 9. d4 Bb7 10. Ne2 cxd4 11. Nexd4 Bc5 12. c3 O-O 13. Kh1 Be7 14. b4 c5 15.
bxc5 Nxc5 16. Ng5 h6 17. Nh3 f5 18. Ba3 Qd7 19. Rf3 Rac8 20. Ng1 Ne4 21. Bxe7
Qxe7 22. Nge2 Bc6 23. Qe1 Bb5 24. Nxb5 axb5 25. Nd4 Rc5 26. a4 bxa4 27. Rxa4
1/2-1/2

[Event "Lichtenberger Sommer 2018"]
[Site "?"]
[Date "2018.08.26"]
[Round "9.85"]
[White "Wahner, Eberhard"]
[Black "Torosyan, Bagrat"]
[Result "0-1"]
[WhiteElo "1605"]
[BlackElo "1309"]
[PlyCount "84"]
[EventDate "2018.??.??"]
[WhiteTeam "SC Eintracht Berlin"]
[BlackTeam "Schachpinguine Berlin"]

1. c4 e6 2. Nc3 d5 3. cxd5 exd5 4. d4 Bf5 5. g3 Nf6 6. Bg2 c6 7. Nf3 Nbd7 8.
O-O Be7 9. Bf4 O-O 10. a3 Nb6 11. Ne5 Nbd7 12. Re1 Nxe5 13. Bxe5 Bd6 14. Bxd6
Qxd6 15. Rc1 b5 16. Na2 a5 17. Qb3 Rfe8 18. e3 Ne4 19. Nc3 Nd2 20. Qd1 Nc4 21.
e4 dxe4 22. Nxe4 Bxe4 23. Bxe4 Nxb2 24. Qf3 Nc4 25. Bxc6 Rxe1+ 26. Rxe1 Rb8 27.
Re8+ Rxe8 28. Bxe8 Qf8 29. Bxb5 Nxa3 30. Ba4 g6 31. d5 Nc4 32. Qf6 Qd6 33. Qxd6
Nxd6 34. f4 Kg7 35. Kf2 f5 36. Kf3 Kf6 37. h3 Nc4 38. Bd7 Nb6 39. Bc6 a4 40.
Bb5 a3 41. d6 a2 42. d7 Ke7 0-1

[Event "Lichtenberger Sommer 2018"]
[Site "?"]
[Date "2018.08.26"]
[Round "9.86"]
[White "Timm, Christian"]
[Black "Fontaine, Constantin"]
[Result "0-1"]
[WhiteElo "1651"]
[BlackElo "1487"]
[PlyCount "92"]
[EventDate "2018.??.??"]
[WhiteTeam "König Springer Herzberg"]
[BlackTeam "SK Tempelhof 1931"]

1. Nf3 d5 2. g3 c6 3. Bg2 Nd7 4. d4 e6 5. a3 Ngf6 6. O-O Be7 7. Nbd2 O-O 8. Re1
c5 9. c3 cxd4 10. cxd4 b6 11. b4 a5 12. bxa5 Rxa5 13. Nb3 Ra7 14. Bb2 b5 15.
Bf1 b4 16. a4 Nb6 17. a5 Nc4 18. Bc1 Nxa5 19. Nc5 Qc7 20. Bf4 Nb3 21. Qxb3 Rxa1
22. Rxa1 Qb6 23. e3 Nd7 24. Nxd7 Bxd7 25. Ra6 Qb7 26. Bd3 Ra8 27. Rxa8+ Qxa8
28. Qb1 f5 29. g4 g6 30. gxf5 gxf5 31. Qf1 b3 32. Qg2+ Kf7 33. Qh3 Qg8+ 34. Bg3
b2 35. Qh5+ Qg6 36. Ne5+ Ke8 37. Qd1 h5 38. Kh1 h4 39. Be2 b1=Q 40. Qxb1 hxg3
41. fxg3 Qh6 42. Qg1 Bg5 43. Qg2 Bxe3 44. g4 Qg5 45. Qf3 Bxd4 46. gxf5 Qg1# 0-1

[Event "Lichtenberger Sommer 2018"]
[Site "?"]
[Date "2018.08.26"]
[Round "9.87"]
[White "Plaza Reino, Mateo"]
[Black "Jouani, Zakharia"]
[Result "1/2-1/2"]
[WhiteElo "1410"]
[BlackElo "1243"]
[PlyCount "53"]
[EventDate "2018.??.??"]
[WhiteTeam "Enniscorthy Chess Club"]
[BlackTeam "SK Zehlendorf"]

1. d4 Nf6 2. Bf4 g6 3. e3 Bg7 4. h3 d6 5. Nf3 Nbd7 6. c3 O-O 7. Be2 Re8 8. Bh2
e5 9. dxe5 dxe5 10. Nxe5 Ne4 11. Nxd7 Bxd7 12. O-O Qe7 13. Nd2 Nxd2 14. Qxd2
Rad8 15. Bxc7 Bxh3 16. Bxd8 Rxd8 17. Qxd8+ Qxd8 18. gxh3 Qd2 19. Bf3 Qxb2 20.
Rab1 Qxa2 21. Rxb7 Bxc3 22. Rc7 Bb2 23. Rb7 a5 24. Bd5 Qxd5 25. Rxb2 Qg5+ 26.
Kh1 Qh5 27. Kg2 1/2-1/2

[Event "Lichtenberger Sommer 2018"]
[Site "?"]
[Date "2018.08.26"]
[Round "9.88"]
[White "Kossueva, Fatima"]
[Black "Zinnecker, Peter"]
[Result "0-1"]
[WhiteElo "1365"]
[BlackElo "1401"]
[PlyCount "112"]
[EventDate "2018.??.??"]
[WhiteTeam "SC Friesen Lichtenberg"]
[BlackTeam "SV Teutonia Coerde"]

1. e4 c5 2. Nc3 g6 3. g3 Bg7 4. Bg2 Nc6 5. d3 a6 6. a4 e6 7. Nge2 Nge7 8. f4
Rb8 9. O-O O-O 10. Be3 d6 11. g4 b5 12. axb5 axb5 13. Ng3 b4 14. Na4 f5 15. Kh1
Bd7 16. c3 bxc3 17. bxc3 Na5 18. gxf5 exf5 19. e5 Bxa4 20. Qxa4 Nac6 21. Qc4+
Kh8 22. exd6 Na5 23. Rxa5 Qxa5 24. dxe7 Rfe8 25. Bxc5 Rbc8 26. d4 Rxe7 27. Qb3
Ree8 28. Bb4 Qb6 29. Rd1 Re3 30. Qf7 Rc7 31. Bc5 Qxc5 32. dxc5 Rxf7 33. c4 Rc3
34. Bf1 Bf6 35. Ne2 Rxc4 36. Rd5 Ra7 37. Ng3 Ra2 38. Kg1 Rcc2 39. Ne2 Ra1 40.
Nd4 Bxd4+ 41. Rxd4 Rxc5 42. Rd8+ Kg7 43. Rd7+ Kh6 44. Rd2 Rc4 45. Rf2 Rd4 46.
Kg2 Rdd1 47. Rf3 Kg7 48. Bd3 Ra2+ 49. Kg3 Rdd2 50. h3 h5 51. Kh4 Ra3 52. Be2
Ra4 53. Bb5 Rb4 54. Bd3 Rg2 55. Rf1 Kh6 56. Bxf5 g5# 0-1

[Event "Lichtenberger Sommer 2018"]
[Site "?"]
[Date "2018.08.26"]
[Round "9.89"]
[White "Müller, Johannes"]
[Black "Geist, Wolfgang"]
[Result "1-0"]
[WhiteElo "1775"]
[BlackElo "1416"]
[PlyCount "72"]
[EventDate "2018.??.??"]
[WhiteTeam "SC Eintracht Berlin"]
[BlackTeam "SC Weisse Dame (Berlin)"]

1. e4 d5 2. e5 e6 3. d4 c6 4. f4 g6 5. Nf3 Ne7 6. Bd3 Bg7 7. O-O Nf5 8. c3 O-O
9. Qe1 Nd7 10. g4 Ne7 11. Nbd2 Re8 12. Ng5 h6 13. Nh3 Nf8 14. Nf3 Bd7 15. Nh4
Nh7 16. f5 exf5 17. gxf5 Bxf5 18. Nxf5 Nxf5 19. Bxf5 Ng5 20. Bxg5 hxg5 21. Bd3
Bh6 22. Qg3 Re6 23. Nf2 Qe7 24. Ng4 Bg7 25. Rf2 Rf8 26. Raf1 f5 27. exf6 Bxf6
28. Bxg6 Kg7 29. Bd3 Qd6 30. Nxf6 Qxg3+ 31. hxg3 Rfxf6 32. Rxf6 Rxf6 33. Rxf6
Kxf6 34. Kf2 b5 35. Kf3 a6 36. Kg4 a5 1-0

[Event "Lichtenberger Sommer 2018"]
[Site "?"]
[Date "2018.08.26"]
[Round "9.90"]
[White "Tschirschwitz, Stephan"]
[Black "Ruddat, Jarne"]
[Result "1/2-1/2"]
[WhiteElo "1530"]
[BlackElo "1347"]
[PlyCount "78"]
[EventDate "2018.??.??"]
[WhiteTeam "Lasker Steglitz-Wilmersdorf"]
[BlackTeam "SV Rüdersdorf"]

1. d4 d5 2. c4 e6 3. Nf3 Be7 4. Nc3 c5 5. e4 dxe4 6. Nxe4 b6 7. Be3 Qc7 8. g3
Bb7 9. d5 Qd7 10. Nc3 Nf6 11. Bh3 O-O 12. O-O Qc8 13. Bg2 exd5 14. Ne5 Qc7 15.
Bf4 Bd6 16. Nb5 Qd8 17. Nxd6 Qxd6 18. Nxf7 Qe7 19. Nd6 Kh8 20. Nxb7 Qxb7 21.
cxd5 Qd7 22. Qd3 a5 23. Rac1 Ra7 24. Rfe1 h6 25. Re6 Rb7 26. Bxb8 Rbxb8 27.
Rce1 Rbe8 28. Rxe8 Rxe8 29. Rxe8+ Qxe8 30. d6 Qd7 31. Be4 Nxe4 32. Qxe4 Qxd6
33. Qc4 Kh7 34. a3 Kg6 35. b4 axb4 36. axb4 cxb4 37. Kg2 Kf6 38. Kf3 Qd1+ 39.
Qe2 Qd5+ 1/2-1/2

[Event "Lichtenberger Sommer 2018"]
[Site "?"]
[Date "2018.08.26"]
[Round "9.91"]
[White "Lange, Christoph"]
[Black "Jiranek, Benno"]
[Result "1/2-1/2"]
[WhiteElo "1268"]
[BlackElo "1469"]
[PlyCount "39"]
[EventDate "2018.??.??"]
[WhiteTeam "TSG Oberschöneweide"]
[BlackTeam "SC Kreuzberg"]

1. e4 e6 2. d4 d5 3. e5 c5 4. c3 Nc6 5. Nf3 Qb6 6. Be2 cxd4 7. cxd4 Nge7 8. Na3
Nf5 9. Nc2 Bb4+ 10. Kf1 Be7 11. g3 g6 12. Kg2 O-O 13. a3 a6 14. b4 Bd7 15. Bb2
Rfc8 16. Rc1 Na7 17. Bd3 Ng7 18. Qd2 Ba4 19. Ne3 Rc6 20. Ng4 1/2-1/2

[Event "Lichtenberger Sommer 2018"]
[Site "?"]
[Date "2018.08.26"]
[Round "9.92"]
[White "Morczynski, Ryszard"]
[Black "Toth, Hans-Jürgen"]
[Result "1-0"]
[WhiteElo "1284"]
[BlackElo "1452"]
[PlyCount "87"]
[EventDate "2018.??.??"]
[WhiteTeam "SK Zehlendorf"]
[BlackTeam "SF Zehdenick"]

1. e4 e6 2. d4 d5 3. Nd2 c5 4. exd5 cxd4 5. dxe6 Bxe6 6. Ngf3 Nc6 7. Bb5 a6 8.
Bxc6+ bxc6 9. Qe2 h6 10. O-O Nf6 11. Ne4 Nxe4 12. Qxe4 c5 13. Qc6+ Bd7 14. Re1+
Be7 15. Qxc5 Rc8 16. Qxd4 O-O 17. c3 Bf6 18. Qd3 a5 19. Bf4 a4 20. Rad1 Bg4 21.
Qxd8 Rcxd8 22. Rxd8 Rxd8 23. Be5 Bxf3 24. gxf3 Be7 25. Bxg7 Kxg7 26. Rxe7 Rb8
27. Re2 Kf6 28. f4 Kf5 29. f3 Kxf4 30. Kf2 f5 31. Rd2 Kg5 32. c4 h5 33. c5 Rb4
34. Rc2 Rb8 35. c6 h4 36. c7 Rc8 37. b4 axb3 38. axb3 Kf6 39. Ke3 Ke5 40. b4
f4+ 41. Kd3 h3 42. b5 Kd6 43. b6 Re8 44. c8=Q 1-0

[Event "Lichtenberger Sommer 2018"]
[Site "?"]
[Date "2018.08.26"]
[Round "9.93"]
[White "Schubert, Vincent"]
[Black "Vollmar, Timo"]
[Result "0-1"]
[WhiteElo "1296"]
[BlackElo "1477"]
[PlyCount "64"]
[EventDate "2018.??.??"]
[WhiteTeam "Borussia Lichtenberg"]
[BlackTeam "BSV 63 Chemie Weißensee"]

1. d4 d5 2. Bf4 Bf5 3. Nf3 Nc6 4. c3 Nf6 5. h3 e6 6. e3 Bd6 7. Bxd6 Qxd6 8. Bd3
Bg6 9. Nh4 O-O-O 10. Nxg6 hxg6 11. Qe2 Kb8 12. Nd2 Rh4 13. O-O-O e5 14. Nf3 Rh5
15. Nxe5 Nxe5 16. dxe5 Rxe5 17. Qc2 Qb6 18. Qa4 Nd7 19. Qd4 Qa5 20. Kb1 Re6 21.
Qxg7 Rb6 22. Qxf7 Qxc3 23. b3 Ne5 24. Qe7 Kc8 25. Be2 Nc6 26. Qe6+ Kb8 27. Qxg6
Nb4 28. Qh7 Nxa2 29. Qc2 Rxb3+ 30. Qxb3 Qxb3+ 31. Ka1 Nc3 32. Rd2 Qa3+ 0-1

[Event "Lichtenberger Sommer 2018"]
[Site "?"]
[Date "2018.08.26"]
[Round "9.94"]
[White "Zoller, Julia"]
[Black "Stark, Steven"]
[Result "0-1"]
[WhiteElo "854"]
[BlackElo "1439"]
[PlyCount "92"]
[EventDate "2018.??.??"]
[WhiteTeam "SC Friesen Lichtenberg"]
[BlackTeam "BSC Rehberge"]

1. e4 c5 2. Nf3 Nc6 3. Nc3 a6 4. g3 e6 5. d4 h6 6. Be3 Qb6 7. b3 d6 8. Bg2 Be7
9. O-O Nf6 10. h3 Nd7 11. a3 g5 12. d5 Nce5 13. dxe6 fxe6 14. Nxe5 Nxe5 15. f4
Nf7 16. f5 Bd7 17. f6 Bf8 18. b4 Qc7 19. bxc5 O-O-O 20. Rb1 Bc6 21. Qd4 dxc5
22. Qc4 Qe5 23. Ne2 Rd7 24. g4 Bb5 25. Qb3 Bxe2 26. Rf2 Bb5 27. c4 Bc6 28. Qb6
Rd3 29. Bc1 Bd6 30. Bb2 Qh2+ 31. Kf1 Rd8 32. e5 Bc7 33. Bxc6 Qxh3+ 34. Bg2
Qxg2+ 35. Kxg2 Bxb6 36. Rf3 Bc7 37. Re1 Ba5 38. Re2 Bd2 39. Kf2 Bf4 40. Rxd3
Rxd3 41. Re1 Kc7 42. a4 Rh3 43. Kg2 Rh2+ 44. Kf3 Rxb2 45. Ke4 Rb4 46. Rd1 Rxc4+
0-1

[Event "Lichtenberger Sommer 2018"]
[Site "?"]
[Date "2018.08.26"]
[Round "9.95"]
[White "Dittrich, Hans-Jürgen"]
[Black "Lippianowski, Stefan"]
[Result "1/2-1/2"]
[WhiteElo "1307"]
[BlackElo "1090"]
[PlyCount "59"]
[EventDate "2018.??.??"]
[WhiteTeam "SC Eintracht Berlin"]
[BlackTeam "SV Mattnetz Berlin"]

1. d4 d5 2. Bf4 e6 3. Nf3 Nc6 4. e3 a6 5. Bd3 Bd6 6. Bg3 Bxg3 7. hxg3 Qd6 8. c3
Nf6 9. Nbd2 e5 10. Nxe5 Nxe5 11. dxe5 Qxe5 12. Qc2 Ng4 13. Nf3 Qe7 14. O-O-O
Be6 15. Bxh7 O-O-O 16. Bf5 Rxh1 17. Rxh1 g6 18. Bxe6+ Qxe6 19. Ng5 Qf6 20. Nf3
Qe6 21. Qe2 d4 22. Nxd4 Qxa2 23. Qxg4+ Kb8 24. Kc2 Qa4+ 25. Kb1 c5 26. Qf4+ Ka7
27. Nf3 Rd1+ 28. Rxd1 Qxd1+ 29. Ka2 Qa4+ 30. Kb1 1/2-1/2

[Event "Lichtenberger Sommer 2018"]
[Site "?"]
[Date "2018.08.26"]
[Round "9.96"]
[White "Koerber, Bernhard"]
[Black "Nguyen, Phuc Nhat"]
[Result "0-1"]
[WhiteElo "1552"]
[BlackElo "1255"]
[PlyCount "92"]
[EventDate "2018.??.??"]
[WhiteTeam "Lasker Steglitz-Wilmersdorf"]
[BlackTeam "SC Zugzwang 95 (Berlin)"]

1. e4 e5 2. Nf3 Nc6 3. Bb5 Bc5 4. O-O Nf6 5. Bxc6 dxc6 6. d3 Bg4 7. h3 Bh5 8.
Bg5 h6 9. Bh4 g5 10. Bg3 Bd6 11. Nbd2 Qe7 12. Qe1 O-O-O 13. Qe3 b6 14. a4 Nd7
15. a5 Bc5 16. Qe1 b5 17. Qb1 Bxf3 18. Nxf3 h5 19. Bh2 g4 20. Ne1 gxh3 21. Kh1
hxg2+ 22. Nxg2 Rdg8 23. Qe1 Nf6 24. f3 Nd7 25. c3 Qg5 26. Qe2 Rh7 27. b4 Bd6
28. Rg1 Rhg7 29. Ne3 Qf6 30. Rxg7 Rxg7 31. Rg1 Rxg1+ 32. Bxg1 c5 33. Nf5 a6 34.
Qf2 Qe6 35. Qg3 cxb4 36. Nxd6+ Qxd6 37. Qf2 bxc3 38. Qa7 c2 39. Be3 Nb8 40. Kg2
b4 41. Bc1 Qxd3 42. Qc5 b3 43. Bb2 Qd2+ 44. Qf2 Qxa5 45. Qg3 Qd2+ 46. Qf2 c1=Q
0-1

[Event "Lichtenberger Sommer 2018"]
[Site "?"]
[Date "2018.08.26"]
[Round "9.97"]
[White "Ruddat, Mathias"]
[Black "Paris, Gerhard"]
[Result "0-1"]
[WhiteElo "1399"]
[BlackElo "1455"]
[PlyCount "66"]
[EventDate "2018.??.??"]
[WhiteTeam "SV Rüdersdorf"]
[BlackTeam "TSG Oberschöneweide"]

1. e4 e5 2. Nc3 Nf6 3. Nf3 d6 4. d4 exd4 5. Nxd4 g6 6. Bf4 Bg7 7. Qd2 Qe7 8. f3
Bd7 9. O-O-O Nc6 10. Bb5 a6 11. Nxc6 bxc6 12. Bc4 Nh5 13. Bh6 Qf8 14. Bxg7 Qxg7
15. g4 Nf6 16. Rhe1 O-O 17. Qf4 Be6 18. e5 dxe5 19. Rxe5 Bxc4 20. Qxc4 Nd5 21.
Rde1 Qh6+ 22. Kb1 Nxc3+ 23. Qxc3 Qxh2 24. Qxc6 a5 25. a3 Qf4 26. Re7 Qd6 27.
Qxc7 Qxc7 28. Rxc7 Rfe8 29. Rce7 Rxe7 30. Rxe7 Kf8 31. Re3 Re8 32. Rxe8+ Kxe8
33. c4 h5 0-1